[Event "Budapest-chT1 Lilienthal 1314"]
[Site "Budapest"]
[Date "2014.03.09"]
[Round "9"]
[White "Kiss, Jozsef1111"]
[Black "Strasser, Zsolt"]
[Result "0-1"]
[WhiteElo "1910"]
[BlackElo "1777"]
[PlyCount "64"]
[EventDate "2013.09.29"]
[EventType "team-tourn"]
[EventRounds "11"]
[EventCountry "HUN"]
[SourceTitle "EXT 2021"]
[Source "ChessBase"]
[SourceDate "2020.10.23"]
[SourceVersion "1"]
[SourceVersionDate "2020.10.23"]
[SourceQuality "1"]
[WhiteTeam "Penzugyor III"]
[BlackTeam "Budapest HUSI II"]
[WhiteTeamCountry "HUN"]
[BlackTeamCountry "HUN"]

1. e4 e5 2. c3 Nf6 3. Bd3 Bc5 4. Nf3 0-0 5. 0-0 Re8 6. b4 Bb6 7. a4 c6 8. a5 Bc7 9. Na3 d5 10. exd5 e4 11. Bxe4 Nxe4 12. dxc6 Nxc6 13. Qc2 Bg4 14. d4 Bxf3 15. gxf3 Qh4 16. f4 Qg4+ 17. Kh1 Qf3+ 18. Kg1 Re6 19. f5 Ree8 20. Nb5 Bd8 21. Re1 Bh4 22. Be3 Rac8 23. Qe2 Qxf5 24. a6 bxa6 25. Rxa6 Ng5 26. Nd6 Nf3+ 27. Qxf3 Qxf3 28. Nxc8 Rxc8 29. b5 Ne7 30. Rxa7 Nd5 31. Ra2 h6 32. Kf1 Nxc3 0-1

[Event "Budapest-chT1 Lilienthal 1314"]
[Site "Budapest"]
[Date "2013.12.15"]
[Round "5"]
[White "Strasser, Zsolt"]
[Black "Balazs Piri, Robert"]
[Result "0-1"]
[WhiteElo "1777"]
[BlackElo "1883"]
[PlyCount "108"]
[EventDate "2013.09.29"]
[EventType "team-tourn"]
[EventRounds "11"]
[EventCountry "HUN"]
[SourceTitle "EXT 2021"]
[Source "ChessBase"]
[SourceDate "2020.10.23"]
[SourceVersion "1"]
[SourceVersionDate "2020.10.23"]
[SourceQuality "1"]
[WhiteTeam "Budapest HUSI II"]
[BlackTeam "Taban Spartacus II"]
[WhiteTeamCountry "HUN"]
[BlackTeamCountry "HUN"]

1. e4 c5 2. Ne2 Nc6 3. d4 cxd4 4. Nxd4 g6 5. Be3 Bg7 6. Nc3 Nf6 7. Be2 0-0 8. Qd2 d6 9. 0-0-0 Bd7 10. f3 Rc8 11. g4 Ne5 12. h4 Nc4 13. Bxc4 Rxc4 14. h5 Qa5 15. Kb1 Rfc8 16. hxg6 hxg6 17. Qh2 Rxc3 18. bxc3 Be6 19. Nxe6 fxe6 20. Bd4 e5 21. Be3 Qa3 22. Rd3 Rxc3 23. Rxc3 Qxc3 24. Qd2 Qxd2 25. Bxd2 Kf7 26. c4 Nd7 27. Be3 b6 28. Kc2 Ke8 29. a4 Kd8 30. a5 bxa5 31. Bxa7 Nf8 32. Bb6+ Kd7 33. Bxa5 Ne6 34. Bc3 Kc6 35. Rh7 Bf6 36. Rh1 Kc5 37. Kb3 Nd4+ 38. Bxd4+ Kxd4 39. Rf1 Bg5 40. Re1 Kd3 41. Rh1 Ke3 42. Rh3 Kf2 43. c5 dxc5 44. Kc4 Kg2 45. Rh7 Bf6 46. Kxc5 Kxf3 47. Kd5 Kxg4 48. Rh1 g5 49. Rf1 Kh3 50. Ke6 g4 51. Rf5 g3 52. Rf3 Kh2 53. Kf5 g2 54. Rf2 Kg3 0-1

[Event "Eger Osz op"]
[Site "Eger"]
[Date "2009.10.25"]
[Round "6"]
[White "Strasser, Zsolt"]
[Black "Hever, Janos"]
[Result "0-1"]
[WhiteElo "1747"]
[BlackElo "1806"]
[PlyCount "44"]
[EventDate "2009.10.22"]
[EventType "swiss"]
[EventRounds "7"]
[EventCountry "HUN"]
[SourceTitle "EXT 2011"]
[Source "ChessBase"]
[SourceDate "2010.11.26"]
[SourceVersion "1"]
[SourceVersionDate "2010.11.26"]
[SourceQuality "1"]

1. e4 e6 2. d4 d5 3. exd5 exd5 4. c4 Nf6 5. Nf3 h6 6. Be2 Be7 7. 0-0 0-0 8. Nc3 c6 9. Ne5 Bd6 10. f4 Bf5 11. g4 Be6 12. f5 Bc8 13. Qd3 Nh7 14. Qh3 Qf6 15. Bf4 Nd7 16. Nxd7 Bxd7 17. Bxd6 Qxd6 18. c5 Qf6 19. Rad1 Rae8 20. a4 Re7 21. b4 Rfe8 22. Rfe1 Re3 0-1

[Event "Eger Osz op"]
[Site "Eger"]
[Date "2009.10.24"]
[Round "5"]
[White "Bujdoso, Bela"]
[Black "Strasser, Zsolt"]
[Result "1-0"]
[WhiteElo "1976"]
[BlackElo "1747"]
[PlyCount "91"]
[EventDate "2009.10.22"]
[EventType "swiss"]
[EventRounds "7"]
[EventCountry "HUN"]
[SourceTitle "EXT 2011"]
[Source "ChessBase"]
[SourceDate "2010.11.26"]
[SourceVersion "1"]
[SourceVersionDate "2010.11.26"]
[SourceQuality "1"]

1. e4 e5 2. Nf3 Nc6 3. d4 exd4 4. Nxd4 Bc5 5. Nxc6 Qf6 6. Qf3 Qxc6 7. Nc3 Ne7 8. Be3 Bxe3 9. Qxe3 0-0 10. 0-0-0 a6 11. Bd3 d6 12. f4 b5 13. f5 f6 14. g4 Re8 15. Qg3 b4 16. Ne2 a5 17. Nd4 Qc5 18. Nb3 Qb6 19. g5 d5 20. gxf6 Qxf6 21. Rdf1 dxe4 22. Bxe4 c6 23. Rhg1 a4 24. Nc5 a3 25. Qb3+ Kh8 26. Ne6 Bxe6 27. fxe6 axb2+ 28. Qxb2 Qxb2+ 29. Kxb2 Rf8 30. Rf7 Rxf7 31. exf7 Rf8 32. Rf1 g6 33. Kb3 Kg7 34. Kxb4 Rxf7 35. Rxf7+ Kxf7 36. Kc5 h5 37. a4 g5 38. a5 g4 39. a6 Nc8 40. Kxc6 h4 41. c4 Ke6 42. Bd5+ Ke5 43. Kc7 Na7 44. Kb8 Nb5 45. cxb5 Kxd5 46. a7 1-0

[Event "Eger Tavasz op"]
[Site "Eger"]
[Date "2009.06.01"]
[Round "6"]
[White "Strasser, Zsolt"]
[Black "Vanyo, Jozsef"]
[Result "1/2-1/2"]
[WhiteElo "1751"]
[BlackElo "1868"]
[PlyCount "63"]
[EventDate "2009.05.29"]
[EventType "swiss"]
[EventRounds "7"]
[EventCountry "HUN"]
[SourceTitle "EXT 2011"]
[Source "ChessBase"]
[SourceDate "2010.11.26"]
[SourceVersion "1"]
[SourceVersionDate "2010.11.26"]
[SourceQuality "1"]

1. e4 c5 2. c3 d5 3. exd5 Qxd5 4. d4 Nc6 5. Nf3 Bg4 6. Be2 cxd4 7. cxd4 e6 8. 0-0 a6 9. Nc3 Qd6 10. Be3 Nf6 11. Rc1 Be7 12. Na4 b5 13. Nc3 0-0 14. a3 Rfd8 15. Qd2 Na5 16. Qd1 Rac8 17. Ne5 Bxe2 18. Nxe2 Nd5 19. Nc3 f6 20. Ne4 Rxc1 21. Qxc1 Qc7 22. Qxc7 Nxc7 23. Nd3 Nb3 24. Nf4 Kf7 25. Nc5 Nxd4 26. Bxd4 Rxd4 27. Nfd3 Rd5 28. Rc1 e5 29. f3 f5 30. Kf1 Ne6 31. Nxe6 Kxe6 32. Ke2 1/2-1/2